000 00550cam a2200145 4500500
005 20260208005827.0
041 _afre
042 _adc
100 1 0 _aPernot, Denis
_eauthor
245 0 0 _aBulletin de la société J. K. Huysmans, n° 96,2003. Un vol. 15 × 20 de 112 p.
260 _c2005.
500 _a14
786 0 _nRevue d'histoire littéraire de la France | 105 | 3 | 2005-06-01 | p. 655zm-764zm | 0035-2411
856 4 1 _uhttps://shs.cairn.info/revue-d-histoire-litteraire-de-la-france-2005-3-page-655zm?lang=fr&redirect-ssocas=7080
999 _c1653972
_d1653972